000 00262nam a2200121Ia 4500
100 _aDEOPUJARI/U.P.
942 _cBK
245 _aMAHARASHTRA DISCIPLINE & APPEAL HOUSE
260 _bNagpur Law House
_aNagpur
300 _a58
546 _aENGLISH
999 _c32400
_d32400